000 01159nam a2200313 i 4500
003 EG-GICUC
005 20260310133456.0
008 260122s1971 ua |||fr|||| 00| 0 ara d
040 _a EG-GICUC
_bara
_c EG-GICUC
_d EG-GICUC
_erda
041 0 _aAra
082 0 4 _221
_a343.7
_bي س . ع
092 0 4 _221
099 _aLaw1 10 343.7 ي س . ع 1971
100 0 _aيسر أنور على
_eمؤلف.
245 1 0 _aعلم العقاب /
_cتأليف الدكتور يسر أنور على، الدكتورة آمال عبدالرحيم عثمان.
250 _aالطبعة الثانية
264 1 _a[مكان النشر غير محدد] :
_b[الناشر غير محدد]،
_c1971.
300 _a275 صفحة؛
_c24 سم.
336 _2rda content
_atext
337 _2rda media
_aComputer
338 _2rda carrier
_aOnline Resource
650 1 _aعلم العقاب
_2qrmak
650 1 _aالقانون الجنائى
_2qrmak
651 1 _2qrmak
700 _aآمال عبدالرحيم عثمان
_eمؤلف مشارك.
856 4 0 _uhttps://fll.law.cu.edu.eg/fulltext/bks/B10-07936.pdf
905 _a54
_eYara
942 _2ddc
_cBK
_e21
_n0
999 _c58722
_d58722